000 00532nam a2200193Ia 4500
001 17317
003 GE_BSU
008 181216s||||||||xx |||||||||||||| ||und||
040 _cGE_BSU
080 _a821.353.1-32
100 _aმაღულარია,გივი
245 _aდაღამება ამა სოფლისა
245 _bმოთხრობები
260 _aთბილისი
260 _bნაკადული
260 _c1982
300 _a160გვ. ; 20სმ.
942 _cBK
999 _c50376
_d50376